00321nam a2200133Ia 4500003000900000008004100009040001300050040001300063100002100076245005900097260001700156300000800173490000600181IT-RoPAU120407s9999 xx 000 0 und d aIT-RoPAU cIT-RoPAU aMario Aldighieri aVieni, colomba mia. Maria e le altre donne dei Vangeli aLa Meridiana c cm v1